Universidades accesibles para todos /
保存先:
| 第一著者: | |
|---|---|
| フォーマット: | 図書 |
| 言語: | Spanish |
| タグ: |
タグ追加
タグなし, このレコードへの初めてのタグを付けませんか!
|
MARC
| LEADER | 00000nam a22000007a 4500 | ||
|---|---|---|---|
| 003 | cru CIDCACS/IIS | ||
| 005 | 20200925161353.0 | ||
| 007 | ta | ||
| 008 | 170727t2001 cr ||||| |||| 00| 0 spa d | ||
| 999 | |c 19502 |d 19502 | ||
| 040 | |c CRAI/IIS |a CRAI/IIS | ||
| 100 | 1 | |9 5051 |a Stupp Kupiec, Roxana | |
| 245 | 1 | |a Universidades accesibles para todos / |c Roxana Stupp Kupiec | |
| 300 | |a páginas 137-145 | ||
| 773 | 0 | |0 19488 |9 1059 |a Universidad de Costa Rica |d San José, Costa Rica: Editorial Universidad de Costa Rica, 1977- |o 18178 |t Educación: |x 03797082 | |
| 942 | |2 ddc |c PP | ||
